000 00416nam a2200157 i 4500
001 141168
003 ES-MaACL
005 20230906200234.0
007 t|
008 070919s1953 sp ||||1| spa d
100 1 _aVitoria, Luis.
_9115520
245 1 0 _aInterioridades del alma /
_cLuis Vitoria.
260 _aMadrid :
_bRubiƱos,
_c[1953?]
300 _a155 p. ;
_c12 cm.
852 _aES-MaACL
_jC-10155
_bR.34564
999 _c141168
_d141168